| 000 | 01375cam a22003737a 4500 | ||
|---|---|---|---|
| 003 | CHAP | ||
| 005 | 20220329142021.0 | ||
| 008 | 990224d1998 mx r 00110 spa d | ||
| 010 | _a77108 | ||
| 011 | _a78080 | ||
| 035 | _a87894 | ||
| 040 | _cCHAP | ||
| 090 | _aTesis | ||
| 100 | 0 | 0 |
_aReyna Martínez. Raymundo. _997050 |
| 245 | 1 | 0 |
_aReguladores del crecimiento en el control de la maduración en chile (C. annuum L.) var. Húngaro amarillo _c/por Raymundo Reyna Martínez |
| 260 |
_aChapingo, Méx. : _bEl autor, _c1998. |
||
| 300 |
_a75 h. : _bgráfs. ; cuadros |
||
| 502 | _aTesis (Ing. Agr. Esp. en Fitotecnia) -- UACH. Departamento de Fitotecnia | ||
| 590 |
_aALEPH _b10 _c20130110 _lUCH01 _h1427 |
||
| 590 |
_aBATCH-UPD _b10 _c20130110 _lUCH01 _h0408 |
||
| 590 |
_aBATCH-UPD _b10 _c20130111 _lUCH01 _h0001 |
||
| 590 |
_aBATCH-UPD _b10 _c20130410 _lUCH01 _h0042 |
||
| 590 |
_aBATCH-UPD _b10 _c20130914 _lUCH01 _h0924 |
||
| 590 |
_aCONVERSION _b10 _c20130109 _lUCH01 _h1342 |
||
| 650 | 1 | 4 |
_aChile (Botánica) _xMaduración. _922374 |
| 650 | 1 | 4 |
_aCitocininas. _923484 |
| 650 | 1 | 4 |
_aPlantas _xCrecimiento _xAditivos. _988804 |
| 901 | _aBK | ||
| 905 | _aMayto Villalobos S. | ||
| 942 | _cFOLL | ||
| 949 |
_bBC _cTES _d33724000714283 _eTS2 _fc.3 _h33693 _i87894 _sb |
||
| 949 |
_bBC _cTES _d33724000714291 _eTS2 _fc.2 _h33692 _i87894 _si |
||
| 949 |
_bBC _cTES _d87894 _eTS1 _h33691 _i87894 _sb |
||
| 999 |
_c77108 _d77108 |
||